000 00805nam a2200229 a 4500
001 000012497
005 20240412074233.0
008 091113s2006 dr a 001 j spa d
020 _z9945160206
040 _aDO-SdBNP
_bspa
_cBNPHU
082 _aRD863.44
_bG934j
100 1 _aGuerrero, Celio,
_d1951-
_921066
245 1 3 _aEl juez que se volvió loco ...y otros cuentos /
_cCelio Guerrero.
260 _aSanto Domingo :
_bBúho,
_c2006.
300 _a140 p. :
_bil. ;
_c22 cm.
500 _aIncluye datos biográficos del autor en la solapa de la cubierta
590 _aLa biblioteca posee dos ejemplares autografiados por el autor
590 _aInventariado, 2019/BT
650 0 _aCuentos dominicanos
_9176
650 0 _aLiteratura dominicana.
_967
910 _aValidado. Control de calidad MMOLINA
999 _c12152
_d12152